Developing sport expertise : (Record no. 52579)

MARC details
000 -LEADER
fixed length control field 00585nam a2200205Ia 4500
005 - DATE AND TIME OF LATEST TRANSACTION
control field 20260429112138.0
008 - FIXED-LENGTH DATA ELEMENTS--GENERAL INFORMATION
fixed length control field 260429s9999||||xx |||||||||||||| ||und||
020 ## - INTERNATIONAL STANDARD BOOK NUMBER
International Standard Book Number 9781032258157
041 ## - LANGUAGE CODE
Language English
082 ## - DEWEY DECIMAL CLASSIFICATION NUMBER
Classification number 613.71
Item number FAR
100 ## - MAIN ENTRY--PERSONAL NAME
Personal name Farrow, Damian
245 #0 - TITLE STATEMENT
Title Developing sport expertise :
Remainder of title researchers and coaches put theory into practice /
Statement of responsibility, etc Damian Farrow
250 ## - EDITION STATEMENT
Edition statement 3rd ed.
260 ## - PUBLICATION, DISTRIBUTION, ETC. (IMPRINT)
Place of publication, distribution, etc New York :
Name of publisher, distributor, etc Routledge,
Date of publication, distribution, etc 2024.
300 ## - PHYSICAL DESCRIPTION
Extent xviii, 161 p.; pbk
650 ## - SUBJECT ADDED ENTRY--TOPICAL TERM
Topical term or geographic name as entry element Sport expertise
700 ## - ADDED ENTRY--PERSONAL NAME
Personal name Baker, Joseph
700 ## - ADDED ENTRY--PERSONAL NAME
Personal name MacMahon, Clare
942 ## - ADDED ENTRY ELEMENTS (KOHA)
Koha item type Text Books
Holdings
Withdrawn status Lost status Damaged status Not for loan Collection code Home library Location Shelving location Date of Cataloging Source of acquisition Total Checkouts Full call number Barcode Date last seen Price effective from Koha item type
        Non-fiction CUTN Central Library CUTN Central Library Medicine, Technology & Management 29/04/2026 TBH Library Book Suppliers, Chennai - Invoice No. SINV00733 on 09-02-2026   613.71 FAR 57682 29/04/2026 29/04/2026 Text Books